[Event "FICS rated blitz game"]
[Site "FICS freechess.org"]
[Date "2018.01.27"]
[Round "?"]
[White "fusjstone"]
[Black "melun"]
[Result "0-1"]
[WhiteElo "1735"]
[BlackElo "1724"]
[PlyCount "70"]
[EventDate "2018.??.??"]
[EventType "blitz"]

1. e4 e5 2. Nf3 Nc6 3. c3 d5 4. exd5 Qxd5 5. d4 Bg4 6. Be2 O-O-O 7. O-O e4 8.
c4 Qh5 9. Bg5 exf3 10. Bxd8 fxe2 11. Qd2 exf1=Q+ 12. Kxf1 Nxd8 13. f3 Be6 14.
d5 Bd7 15. Nc3 Qxh2 16. Kf2 g6 17. Qd4 f6 18. Qxa7 Bf5 19. Nb5 Nh6 20. c5 Qh4+
21. Kg1 Qd4+ 22. Kh2 Qxc5 23. Qa8+ Kd7 24. Na7 Bd6+ 25. Kh1 Ke7 26. Re1+ Kf7
27. Nc8 Nc6 28. Nxd6+ Qxd6 29. Qxh8 g5 30. Qe8+ Kg7 31. dxc6 bxc6 32. Re7+ Nf7
33. Qxf7+ Kh6 34. Rxc7 Qd1+ 35. Kh2 Qd6+ 0-1

[Event "FICS rated blitz game"]
[Site "FICS freechess.org"]
[Date "2018.01.27"]
[Round "?"]
[White "JoaoC"]
[Black "ycq"]
[Result "0-1"]
[WhiteElo "1520"]
[BlackElo "1161"]
[PlyCount "74"]
[EventDate "2018.??.??"]
[EventType "blitz"]

1. e4 e5 2. Nf3 Nc6 3. c3 d6 4. Be2 Bd7 5. d3 Be7 6. Nbd2 Nf6 7. Nf1 O-O 8. Ng3
h6 9. Bd2 a6 10. Qc1 Nh7 11. O-O f5 12. exf5 Bxf5 13. h3 Qd7 14. Kh2 Rf7 15.
Nxf5 Qxf5 16. Ng1 d5 17. Bg4 Qg6 18. Bf3 Qxd3 19. Rd1 Qc4 20. b3 Qc5 21. Be3 d4
22. cxd4 exd4 23. Bxd4 Nxd4 24. Bxb7 Bd6+ 25. Kh1 Rd8 26. Qxc5 Bxc5 27. Bxa6
Rxf2 28. Bc4+ Kf8 29. Nf3 Nf6 30. Nxd4 Bxd4 31. Rab1 Ke7 32. a4 Ne4 33. Re1 Rf4
34. g4 Kf6 35. Kg2 Rf2+ 36. Kh1 Ng3+ 37. Kg1 Rc2+ {White resigns} 0-1

[Event "FICS rated blitz game"]
[Site "FICS freechess.org"]
[Date "2018.01.27"]
[Round "?"]
[White "EricAnn"]
[Black "bodocsmihaly"]
[Result "1-0"]
[WhiteElo "1706"]
[BlackElo "1829"]
[PlyCount "67"]
[EventDate "2018.??.??"]
[EventType "blitz"]

1. e4 e5 2. Nf3 Nc6 3. c3 Be7 4. h3 d6 5. Bb5 Bd7 6. O-O Nf6 7. d3 O-O 8. Be3
h6 9. Nbd2 Nh7 10. Nh2 f5 11. f4 exf4 12. Bxf4 Ne5 13. Bc4+ Kh8 14. d4 Nxc4 15.
Nxc4 fxe4 16. Ng4 Bg5 17. Bg3 Rxf1+ 18. Qxf1 Bxg4 19. hxg4 Qd7 20. Qe2 Nf6 21.
Rf1 Kg8 22. Ne3 c6 23. Nf5 Ne8 24. Qxe4 g6 25. Nxd6 Nxd6 26. Qxg6+ Qg7 27.
Qxg7+ Kxg7 28. Bxd6 Re8 29. Be5+ Kg6 30. g3 Be3+ 31. Kg2 c5 32. Rf6+ Kh7 33.
Rf7+ Kg6 34. Rg7# {Black checkmated} 1-0

[Event "FICS rated blitz game"]
[Site "FICS freechess.org"]
[Date "2018.01.27"]
[Round "?"]
[White "kiknit"]
[Black "pointenoire"]
[Result "0-1"]
[WhiteElo "1510"]
[BlackElo "1522"]
[PlyCount "34"]
[EventDate "2018.??.??"]
[EventType "blitz"]

1. e4 e5 2. Nf3 Nc6 3. c3 d5 4. exd5 Qxd5 5. d4 e4 6. Ng5 h6 7. Nh3 Bxh3 8.
gxh3 O-O-O 9. Qg4+ f5 10. Qg6 Ne5 11. Qh5 Nf3+ 12. Ke2 Nf6 13. Qg6 Bd6 14. Be3
Qb5+ 15. Kd1 Qxb2 16. Nd2 Qxa1+ 17. Ke2 Qe1# {White checkmated} 0-1

[Event "FICS rated blitz game"]
[Site "FICS freechess.org"]
[Date "2018.01.27"]
[Round "?"]
[White "capricornus"]
[Black "glaucokoltz"]
[Result "1-0"]
[WhiteElo "1341"]
[BlackElo "1327"]
[PlyCount "59"]
[EventDate "2018.??.??"]
[EventType "blitz"]

1. e4 e5 2. Nf3 Nc6 3. c3 Bc5 4. d3 d6 5. b4 Bb6 6. a4 a5 7. b5 Nce7 8. Be2 h6
9. O-O Be6 10. Nbd2 Nf6 11. Bb2 c6 12. c4 cxb5 13. axb5 Bc5 14. Bc3 b6 15. d4
exd4 16. Bxd4 O-O 17. Bxf6 gxf6 18. Qc2 Ng6 19. Nb3 Ne5 20. Nxc5 dxc5 21. Nxe5
fxe5 22. Qc3 Qg5 23. Rad1 Rfd8 24. Rxd8+ Rxd8 25. h4 Qg6 26. Qxe5 Rd4 27. Qb8+
Kg7 28. Qxb6 Bh3 29. Qxg6+ fxg6 30. gxh3 {Black resigns} 1-0

[Event "FICS rated blitz game"]
[Site "FICS freechess.org"]
[Date "2018.01.27"]
[Round "?"]
[White "Uddo"]
[Black "nflink"]
[Result "1-0"]
[WhiteElo "1472"]
[BlackElo "1493"]
[PlyCount "69"]
[EventDate "2018.??.??"]
[EventType "blitz"]

1. e4 e5 2. Nf3 Nc6 3. c3 d6 4. d4 exd4 5. cxd4 Be7 6. Bc4 Nf6 7. Nc3 Bg4 8.
O-O O-O 9. Be2 h6 10. a3 a6 11. Be3 b5 12. Qc2 Qd7 13. Rad1 Rab8 14. e5 dxe5
15. dxe5 Qe6 16. exf6 Qxf6 17. Nd4 Bxe2 18. Qxe2 Rbd8 19. Nxc6 Qxc6 20. Rxd8
Rxd8 21. h3 Bf6 22. Rd1 Re8 23. Qd3 Bxc3 24. Qxc3 Re6 25. Qxc6 Rxc6 26. Rc1 Rd6
27. Rxc7 f6 28. Rc8+ Kf7 29. Rc7+ Kg6 30. Bb6 Rd2 31. Ra7 Rxb2 32. Rxa6 Rb3 33.
Bc5 Rc3 34. Bb4 Rc5 35. Bxc5 {Black resigns} 1-0

[Event "FICS rated blitz game"]
[Site "FICS freechess.org"]
[Date "2018.01.27"]
[Round "?"]
[White "capricornus"]
[Black "frac"]
[Result "0-1"]
[WhiteElo "1366"]
[BlackElo "1660"]
[PlyCount "68"]
[EventDate "2018.??.??"]
[EventType "blitz"]

1. e4 e5 2. Nf3 Nc6 3. c3 d5 4. exd5 Qxd5 5. d3 Bg4 6. Be2 O-O-O 7. O-O f5 8.
Ne1 Bxe2 9. Qxe2 Nf6 10. b4 g5 11. Bb2 g4 12. c4 Qd7 13. b5 Nd4 14. Bxd4 exd4
15. Nc2 f4 16. f3 Bc5 17. a4 h5 18. Nba3 Rde8 19. Qf2 g3 20. hxg3 fxg3 21. Qxg3
Rhg8 22. Qf2 Qf5 23. Rad1 h4 24. Rfe1 Rxe1+ 25. Qxe1 h3 26. Qf2 Rxg2+ 27. Qxg2
hxg2 28. Kxg2 Qg5+ 29. Kf2 Nh5 30. Rg1 Qd2+ 31. Kf1 Qxd3+ 32. Kf2 Qd2+ 33. Kf1
d3 34. Ne1 Qe2# {White checkmated} 0-1

[Event "FICS rated blitz game"]
[Site "FICS freechess.org"]
[Date "2018.01.27"]
[Round "?"]
[White "mohdriaz"]
[Black "AlheeKing"]
[Result "0-1"]
[WhiteElo "1262"]
[BlackElo "1318"]
[PlyCount "64"]
[EventDate "2018.??.??"]
[EventType "blitz"]

1. e4 e5 2. Nf3 Nc6 3. c3 Nf6 4. Bc4 Be7 5. Bxf7+ Kxf7 6. Qb3+ Kf8 7. Ng5 Qe8
8. d4 exd4 9. O-O h6 10. Nf3 dxc3 11. Nxc3 d6 12. Be3 Bd8 13. Rfe1 Na5 14. Qb4
Nc6 15. Qc4 Be6 16. Qd3 Nb4 17. Qd1 a5 18. Bd4 Nc6 19. Bxf6 Bxf6 20. e5 dxe5
21. Qd3 Qf7 22. b3 Rd8 23. Qe3 g6 24. Nb5 Kg7 25. Nxc7 Qxc7 26. Rac1 Qf7 27. h3
Bg5 28. Qc5 Bxc1 29. Qxc1 Nd4 30. Nxe5 Qf6 31. Qc7+ Kg8 32. Qxb7 Nc2 0-1

[Event "FICS rated blitz game"]
[Site "FICS freechess.org"]
[Date "2018.01.27"]
[Round "?"]
[White "fusjstone"]
[Black "gazzana"]
[Result "0-1"]
[WhiteElo "1645"]
[BlackElo "1590"]
[PlyCount "46"]
[EventDate "2018.??.??"]
[EventType "blitz"]

1. e4 e5 2. Nf3 Nc6 3. c3 d5 4. exd5 Qxd5 5. d4 Bg4 6. Be2 exd4 7. h3 Bh5 8. g4
Bg6 9. cxd4 O-O-O 10. Nc3 Qd6 11. Nb5 Qb4+ 12. Bd2 Qe7 13. O-O a6 14. Nc3 Nxd4
15. Nxd4 Rxd4 16. Rc1 Qd8 17. Bxa6 Rxd2 18. Qf3 bxa6 19. Rfd1 Kb8 20. Qc6 Nf6
21. Qxa6 Rxd1+ 22. Rxd1 Bd6 23. Kg2 Qe7 0-1

[Event "FICS rated blitz game"]
[Site "FICS freechess.org"]
[Date "2018.01.27"]
[Round "?"]
[White "fusjstone"]
[Black "emmanuelde"]
[Result "1-0"]
[WhiteElo "1722"]
[BlackElo "1597"]
[PlyCount "47"]
[EventDate "2018.??.??"]
[EventType "blitz"]

1. e4 e5 2. Nf3 Nc6 3. c3 Bc5 4. d4 exd4 5. cxd4 Bb6 6. Nc3 d6 7. d5 Nce7 8.
Bd3 Nf6 9. O-O Bg4 10. h3 Bh5 11. Bg5 Bg6 12. Re1 Qd7 13. Bb5 c6 14. dxc6 bxc6
15. Ba4 O-O 16. Bxf6 gxf6 17. Nd5 Qe6 18. Nf4 Qc8 19. Qxd6 Rd8 20. Qxe7 Rd7 21.
Qxf6 Qc7 22. Qxc6 Qd8 23. Nd5 Rc8 24. Qxd7 {Black resigns} 1-0

[Event "FICS rated blitz game"]
[Site "FICS freechess.org"]
[Date "2018.01.27"]
[Round "?"]
[White "SargonV"]
[Black "Elguapo"]
[Result "1-0"]
[WhiteElo "1533"]
[BlackElo "1494"]
[PlyCount "27"]
[EventDate "2018.??.??"]
[EventType "blitz"]

1. e4 e5 2. Nf3 Nc6 3. c3 d5 4. Qa4 d4 5. Bb5 Bd7 6. cxd4 exd4 7. d3 a6 8. Bxc6
Bxc6 9. Qxd4 Qxd4 10. Nxd4 Bb4+ 11. Nc3 Bd7 12. O-O O-O-O 13. Nc2 Ba5 14. b4
1-0

[Event "FICS rated blitz game"]
[Site "FICS freechess.org"]
[Date "2018.01.27"]
[Round "?"]
[White "ElFaras"]
[Black "herbsol"]
[Result "1-0"]
[WhiteElo "1376"]
[BlackElo "1232"]
[PlyCount "32"]
[EventDate "2018.??.??"]
[EventType "blitz"]

1. e4 e5 2. Nf3 Nc6 3. c3 d6 4. d4 Bg4 5. Be2 exd4 6. Nxd4 Bxe2 7. Nxe2 Nf6 8.
Nd2 Be7 9. O-O O-O 10. Ng3 a6 11. Nb3 Ne5 12. Nd4 c5 13. Ndf5 h6 14. Nxe7+ Qxe7
15. Nf5 Qe6 16. Re1 Rad8 1-0

[Event "FICS rated blitz game"]
[Site "FICS freechess.org"]
[Date "2018.01.27"]
[Round "?"]
[White "JoaoC"]
[Black "ankj"]
[Result "1-0"]
[WhiteElo "1514"]
[BlackElo "1232"]
[PlyCount "35"]
[EventDate "2018.??.??"]
[EventType "blitz"]

1. e4 e5 2. Nf3 Nc6 3. c3 d6 4. Be2 Bg4 5. h3 Bxf3 6. Bxf3 Nge7 7. d3 f5 8. Nd2
f4 9. Nb3 g6 10. d4 Bg7 11. d5 Na5 12. Nxa5 c5 13. Nxb7 Qb6 14. Qa4+ Kf7 15.
Na5 Rhb8 16. Nc4 Qb5 17. Qxb5 Rxb5 18. Nxd6+ {Black resigns} 1-0

[Event "FICS rated blitz game"]
[Site "FICS freechess.org"]
[Date "2018.01.27"]
[Round "?"]
[White "morts"]
[Black "dagrobe"]
[Result "0-1"]
[WhiteElo "1164"]
[BlackElo "1223"]
[PlyCount "90"]
[EventDate "2018.??.??"]
[EventType "blitz"]

1. e4 e5 2. Nf3 Nc6 3. c3 Bc5 4. g3 Nf6 5. d3 d5 6. Nbd2 dxe4 7. dxe4 Ng4 8.
Bg2 Nxf2 9. Qe2 Nxh1 10. Bxh1 O-O 11. Nb3 Bb6 12. Bg5 Qd7 13. Bd2 Qg4 14. O-O-O
f5 15. exf5 Bxf5 16. Be3 e4 17. Bxb6 axb6 18. Nbd4 exf3 19. Bxf3 Qg6 20. Nxf5
Qxf5 21. Qc4+ Kh8 22. Bxc6 bxc6 23. Qxc6 Rxa2 24. Rd5 Ra1+ 25. Kd2 Qf2+ 26. Kd3
Rd1+ 27. Kc4 Rxd5 28. Qxd5 Qxb2 29. Qd7 Qa2+ 30. Kb5 Qa5+ 31. Kc6 Qc5+ 32. Kb7
Qxc3 33. Qe7 Qf3+ 34. Kxc7 b5 35. Kb6 Qf6+ 36. Qxf6 Rxf6+ 37. Kxb5 Rf2 38. h4
Rg2 39. g4 Rxg4 40. h5 Rh4 41. Kc5 Rxh5+ 42. Kd4 Rf5 43. Ke4 Rf6 44. Ke5 h5 45.
Ke4 h4 {White resigns} 0-1

[Event "FICS rated blitz game"]
[Site "FICS freechess.org"]
[Date "2018.01.27"]
[Round "?"]
[White "fabiuscu"]
[Black "snob"]
[Result "0-1"]
[WhiteElo "1042"]
[BlackElo "1470"]
[PlyCount "84"]
[EventDate "2018.??.??"]
[EventType "blitz"]

1. e4 e5 2. Nf3 Nc6 3. c3 d5 4. d4 dxe4 5. Nxe5 Nxe5 6. dxe5 Qxd1+ 7. Kxd1 Bg4+
8. Be2 O-O-O+ 9. Ke1 Bxe2 10. Kxe2 h6 11. Be3 Ne7 12. Bxa7 b6 13. a4 Kb7 14. a5
Kxa7 15. axb6+ Kxb6 16. b4 Nd5 17. c4 Nxb4 18. Nc3 Kc6 19. Nd5 Nxd5 20. cxd5+
Rxd5 21. Rhc1+ Kd7 22. Ra7 Bc5 23. Rb7 Rc8 24. Rd1 Rxd1 25. Kxd1 Bb6 26. Ke2
Kc6 27. Rxb6+ cxb6 28. Ke3 Kd5 29. f3 exf3 30. gxf3 Kxe5 31. f4+ Kf5 32. h3 b5
33. h4 b4 34. h5 b3 35. Kd3 b2 36. Kd4 b1=Q 37. Kd5 Qe1 38. Kd6 Rd8+ 39. Kc7
Rd2 40. Kc6 Qc1+ 41. Kb5 Rb2+ 42. Ka4 Qa1# {White checkmated} 0-1

[Event "FICS rated blitz game"]
[Site "FICS freechess.org"]
[Date "2018.01.27"]
[Round "?"]
[White "TPGYRENE"]
[Black "MrPal"]
[Result "0-1"]
[WhiteElo "1387"]
[BlackElo "1346"]
[PlyCount "66"]
[EventDate "2018.??.??"]
[EventType "blitz"]

1. e4 e5 2. Nf3 Nc6 3. c3 Bc5 4. d4 exd4 5. cxd4 Bb6 6. Bc4 Qf6 7. e5 Qg6 8.
O-O Nge7 9. Nc3 O-O 10. Nh4 Bxd4 11. Nxg6 Nxg6 12. Be3 Bxe5 13. Qd2 d6 14. h3
Bd7 15. a3 a6 16. b4 b5 17. Bd5 Rab8 18. Rac1 Nce7 19. Bf3 c6 20. Ne4 Nf5 21.
Ng3 Nxe3 22. Qxe3 Rbc8 23. Qb6 Bf4 24. Rc2 Ne5 25. Bxc6 Bxc6 26. Qxa6 Nc4 27.
a4 Ne5 28. axb5 Bd7 29. Qxd6 Be6 30. Qd4 Ng6 31. Qe4 Bxg3 32. Rxc8 Rxc8 33.
fxg3 Rf8 0-1

[Event "FICS rated standard game"]
[Site "FICS freechess.org"]
[Date "2018.01.27"]
[Round "?"]
[White "KudaSholeh"]
[Black "Darman"]
[Result "0-1"]
[WhiteElo "1823"]
[BlackElo "1753"]
[PlyCount "74"]
[EventDate "2018.??.??"]

1. e4 e5 2. Nf3 Nc6 3. c3 Nf6 4. d4 exd4 5. e5 Ng4 6. cxd4 Bb4+ 7. Nc3 O-O 8.
Bd3 d6 9. O-O dxe5 10. dxe5 Ncxe5 11. Nxe5 Nxe5 12. Bc2 Bg4 13. Qxd8 Raxd8 14.
Bf4 Bd6 15. Ne4 Nc4 16. Nxd6 cxd6 17. b3 Nb6 18. h3 Be2 19. Rfe1 Rfe8 20. f3
Rc8 21. Be4 d5 22. Rxe2 dxe4 23. fxe4 f5 24. e5 Nd5 25. Bh2 f4 26. Rd1 Ne3 27.
Rde1 g5 28. h4 h6 29. g3 Rc3 30. gxf4 gxf4 31. Bxf4 Nf5 32. e6 Kh7 33. e7 Nxh4
34. Re3 Rg8+ 35. Bg3 Nf3+ 36. Rxf3 Rxf3 37. e8=Q Rgxg3+ 0-1

[Event "FICS rated blitz game"]
[Site "FICS freechess.org"]
[Date "2018.01.27"]
[Round "?"]
[White "BravoDelta"]
[Black "gojets"]
[Result "0-1"]
[WhiteElo "1507"]
[BlackElo "1626"]
[PlyCount "74"]
[EventDate "2018.??.??"]
[EventType "blitz"]

1. e4 e5 2. Nf3 Nc6 3. c3 d6 4. d4 exd4 5. cxd4 Nf6 6. Bg5 Be7 7. Nc3 O-O 8.
Bb5 Bg4 9. Bxc6 bxc6 10. O-O Rb8 11. Rb1 Rb4 12. Qd3 Bxf3 13. gxf3 Rb8 14. Kh1
Re8 15. Rg1 c5 16. d5 Nd7 17. Bf4 Bf6 18. b3 Ne5 19. Bxe5 Bxe5 20. Rg2 Rb4 21.
Ne2 a5 22. f4 Bf6 23. f3 a4 24. Rbg1 axb3 25. axb3 Qa8 26. Ng3 Qa3 27. Nf5 g6
28. Nh6+ Kg7 29. Ng4 Rxb3 30. Qe2 Rxf3 31. Nxf6 Kxf6 32. e5+ dxe5 33. fxe5+
Rxe5 34. Qd2 Rd3 35. Qh6 Rh5 36. Qf8 Rxh2+ 37. Rxh2 Rh3 0-1

[Event "FICS rated blitz game"]
[Site "FICS freechess.org"]
[Date "2018.01.27"]
[Round "?"]
[White "revathyNair"]
[Black "Szabifa"]
[Result "1-0"]
[WhiteElo "1409"]
[BlackElo "1464"]
[PlyCount "211"]
[EventDate "2018.??.??"]
[EventType "blitz"]

1. e4 e5 2. Nf3 Nc6 3. c3 h6 4. b4 a6 5. Bb2 Nf6 6. d3 d6 7. a3 Bg4 8. h3 Bh5
9. Be2 Be7 10. Nbd2 O-O 11. g4 Bg6 12. g5 hxg5 13. Nxg5 Nd7 14. h4 Bxg5 15.
hxg5 Qxg5 16. Nf3 Qg2 17. Rg1 Qh3 18. Qd2 Bh5 19. Ng5 Qh2 20. O-O-O Bxe2 21.
Qxe2 Qf4+ 22. Kb1 Ne7 23. Qh5 Nf6 24. Qh3 Ng6 25. Bc1 Qh4 26. Qf5 Ne7 27. Qxf6
gxf6 28. Nf3+ Qg5 29. Nxg5 fxg5 30. Bxg5 Ng6 31. Bf6 Rae8 32. d4 exd4 33. cxd4
Rxe4 34. Rd3 Rf4 35. Bg5 Rxf2 36. Rh3 Re8 37. Be3 Re2 38. Bg5 Re1+ 39. Rxe1
Rxe1+ 40. Kc2 Rg1 41. Bf6 Rf1 42. Bd8 c6 43. Re3 d5 44. Bg5 Rf2+ 45. Kb3 Rg2
46. Bf6 Rf2 47. Bg5 Rf5 48. Bd8 Rf4 49. Bb6 Re4 50. Rg3 Kf8 51. Bc5+ Ke8 52.
Rf3 Rf4 53. Re3+ Re4 54. Rf3 Re1 55. Rh3 Kd7 56. Rh7 Ke6 57. Rh3 Rb1+ 58. Ka4
Re1 59. Ka5 Nf4 60. Rh6+ f6 61. Rh7 Ng6 62. Rxb7 f5 63. Rb6 Kd7 64. Rxa6 f4 65.
Ra7+ Ke6 66. Rg7 Kf6 67. Rh7 f3 68. Rh2 Re2 69. Rh1 f2 70. Rf1 Nf4 71. Kb6 Ke6
72. Kxc6 Nd3 73. Rh1 Re1 74. Rh6+ Kf5 75. Kxd5 f1=Q 76. Kc6 Re6+ 77. Rxe6 Kxe6
78. d5+ Kf7 79. d6 Nxc5 80. bxc5 Qf3+ 81. Kc7 Qxa3 82. c6 Qa7+ 83. Kc8 Qb6 84.
Kd7 Qa7+ 85. c7 Qa4+ 86. Kd8 Qh4+ 87. Kc8 Qa4 88. Kb7 Qb5+ 89. Kc8 Qa6+ 90. Kb8
Qb5+ 91. Kc8 Qa6+ 92. Kd7 Qb5+ 93. Kc8 Qe8+ 94. Kb7 Qb5+ 95. Kc8 Qe8+ 96. Kb7
Qb5+ 97. Kc8 Qc6 98. Kb8 Qb5+ 99. Ka7 Qd7 100. Kb7 Qb5+ 101. Kc8 Qa6+ 102. Kd7
Qb7 103. Kd8 Qb5 104. c8=Q Qe8+ 105. Kc7 Qxc8+ 106. Kxc8 {Black resigns} 1-0

[Event "FICS rated lightning game"]
[Site "FICS freechess.org"]
[Date "2018.01.27"]
[Round "?"]
[White "fastfoxy"]
[Black "LittleLurking"]
[Result "0-1"]
[WhiteElo "1685"]
[BlackElo "1922"]
[PlyCount "70"]
[EventDate "2018.??.??"]

1. e4 e5 2. c3 Nc6 3. Nf3 d5 4. Bd3 dxe4 5. Bxe4 Qd6 6. O-O Nf6 7. Bc2 Bg4 8.
d3 e4 9. dxe4 Qxd1 10. Bxd1 Rd8 11. Nbd2 Be7 12. Re1 O-O 13. h3 Bd7 14. Bc2 Be6
15. Nb3 Bxb3 16. Bxb3 Na5 17. Bc2 Nc4 18. Bg5 h6 19. Bxf6 Bxf6 20. Rab1 Ne5 21.
Nxe5 Bxe5 22. Rf1 a5 23. f4 Bf6 24. e5 Rd2 25. Bb3 Be7 26. Rbd1 Rxd1 27. Rxd1
Bc5+ 28. Kh2 g6 29. Rd7 Bb6 30. g4 Be3 31. Kg3 Bc1 32. f5 gxf5 33. gxf5 Kh8 34.
e6 Rg8+ 35. Kh4 fxe6 0-1

[Event "FICS rated blitz game"]
[Site "FICS freechess.org"]
[Date "2018.01.27"]
[Round "?"]
[White "Kolendra"]
[Black "smarlny"]
[Result "1-0"]
[WhiteElo "1437"]
[BlackElo "1442"]
[PlyCount "91"]
[EventDate "2018.??.??"]
[EventType "blitz"]

1. e4 e5 2. Nf3 Nc6 3. c3 Nf6 4. d4 exd4 5. e5 Ne4 6. cxd4 d6 7. Bd3 d5 8. O-O
Bg4 9. Qb3 Rb8 10. Be2 Be7 11. Nc3 Nxc3 12. bxc3 O-O 13. Qc2 Qd7 14. Bd3 h6 15.
Be3 Na5 16. Nd2 f6 17. Bh7+ Kh8 18. exf6 Bxf6 19. Rfe1 Bh5 20. Rab1 Bf7 21. Bf4
Bg8 22. Bf5 Qc6 23. Qd3 Rbe8 24. Qh3 Rxe1+ 25. Rxe1 Bh7 26. Bxh7 Kxh7 27. Re6
Qd7 28. Be5 Bxe5 29. Rxh6+ gxh6 30. Qxd7+ Kg6 31. Qxd5 Bf4 32. Qxa5 Bxd2 33.
Qxc7 Rf7 34. Qg3+ Kh7 35. d5 Bg5 36. d6 Rd7 37. c4 b6 38. Qd3+ Kg7 39. Qd5 Bf6
40. Qe6 Rd8 41. d7 Kg6 42. g3 a5 43. f4 a4 44. Kf2 Kg7 45. Kf3 Bc3 46. Ke4 1-0

[Event "FICS rated blitz game"]
[Site "FICS freechess.org"]
[Date "2018.01.27"]
[Round "?"]
[White "capricornus"]
[Black "Aleprok"]
[Result "1-0"]
[WhiteElo "1342"]
[BlackElo "1395"]
[PlyCount "81"]
[EventDate "2018.??.??"]
[EventType "blitz"]

1. e4 e5 2. Nf3 Nc6 3. c3 Bd6 4. b4 Nf6 5. d3 a6 6. a4 b6 7. Bb2 Bb7 8. Be2 a5
9. b5 Ne7 10. Nbd2 Ng6 11. O-O Nf4 12. Nc4 Nxe2+ 13. Qxe2 Be7 14. Ncxe5 O-O 15.
c4 Bc5 16. d4 Bb4 17. d5 d6 18. Nd3 Bc5 19. Nxc5 dxc5 20. Qd3 Qe7 21. Rae1 Nd7
22. e5 f6 23. e6 Ne5 24. Nxe5 fxe5 25. Bxe5 Rac8 26. f4 h6 27. f5 Qg5 28. Re3
h5 29. Rg3 Qh6 30. f6 Rxf6 31. Bxf6 Qxf6 32. Rxf6 Rf8 33. Rxf8+ Kxf8 34. Qg6
Ke7 35. Qxg7+ Kd6 36. Qg5 h4 37. Qxh4 Bc8 38. Qf4+ Ke7 39. Rg7+ Ke8 40. Qf7+
Kd8 41. Rg8# {Black checkmated} 1-0

[Event "FICS rated blitz game"]
[Site "FICS freechess.org"]
[Date "2018.01.27"]
[Round "?"]
[White "morts"]
[Black "dagrobe"]
[Result "0-1"]
[WhiteElo "1160"]
[BlackElo "1227"]
[PlyCount "88"]
[EventDate "2018.??.??"]
[EventType "blitz"]

1. e4 e5 2. Nf3 Nc6 3. c3 d5 4. exd5 Qxd5 5. d3 e4 6. dxe4 Qxd1+ 7. Kxd1 Bg4 8.
Be2 Nf6 9. h3 O-O-O+ 10. Nbd2 Bxf3 11. Bxf3 Ne5 12. Ke2 Nxf3 13. Nxf3 Bc5 14.
Bg5 Be7 15. Ke3 h6 16. Bh4 g5 17. Bg3 Bc5+ 18. Nd4 Rhe8 19. f3 Nd5+ 20. Kf2
Bxd4+ 21. cxd4 Nb4 22. Rac1 Nd3+ 23. Ke3 Nxc1 24. Rxc1 c6 25. d5 Kd7 26. dxc6+
bxc6 27. Rd1+ Kc8 28. Rc1 Kb7 29. b4 a6 30. a4 Rd7 31. b5 axb5 32. axb5 cxb5
33. Rb1 Kb6 34. Bf2 Ka6 35. Ra1+ Kb7 36. Rb1 Kc6 37. Rc1+ Kb7 38. Rb1 Re5 39.
Bg3 Rc5 40. Bf2 Rc3+ 41. Ke2 Rc2+ 42. Kf1 Rdd2 43. Rxb5+ Kc8 44. Be3 Rd1# {
White checkmated} 0-1

[Event "FICS rated standard game"]
[Site "FICS freechess.org"]
[Date "2018.01.27"]
[Round "?"]
[White "stankog"]
[Black "chessislive"]
[Result "1-0"]
[WhiteElo "1775"]
[BlackElo "1696"]
[PlyCount "33"]
[EventDate "2018.??.??"]

1. e4 e5 2. Nf3 Nc6 3. c3 Nf6 4. d3 Bc5 5. Be2 d6 6. h3 a6 7. O-O h6 8. Be3
Bxe3 9. fxe3 Be6 10. Nbd2 Qd7 11. Kh2 O-O-O 12. b4 g5 13. Ng1 g4 14. Rxf6 gxh3
15. Nxh3 Bxh3 16. gxh3 Rdg8 17. Bg4 {Black resigns} 1-0

[Event "FICS rated blitz game"]
[Site "FICS freechess.org"]
[Date "2018.01.27"]
[Round "?"]
[White "Feestt"]
[Black "sdarjee"]
[Result "0-1"]
[WhiteElo "1205"]
[BlackElo "1193"]
[PlyCount "78"]
[EventDate "2018.??.??"]
[EventType "blitz"]

1. e4 e5 2. Nf3 Nc6 3. c3 d5 4. exd5 Qxd5 5. c4 Qd8 6. d3 Nf6 7. Be2 Be7 8. O-O
O-O 9. Nbd2 Re8 10. h3 h6 11. b4 Nxb4 12. Nxe5 Bf8 13. Nef3 Nxd3 14. Bxd3 Qxd3
15. Rb1 b6 16. Rb3 Qd8 17. Bb2 Bb7 18. Re1 Rxe1+ 19. Qxe1 Be7 20. Re3 Kf8 21.
Ne5 Qd6 22. Rd3 Qe6 23. Re3 Qd6 24. Rd3 Qe6 25. Re3 Qd6 26. Nef3 Re8 27. Ne4
Nxe4 28. Rxe4 Bxe4 29. Qxe4 Qe6 30. Qg4 Qxg4 31. hxg4 Bd6 32. g3 Re2 33. Bd4
Rxa2 34. g5 hxg5 35. Nxg5 f6 36. Ne6+ Kf7 37. Nd8+ Ke8 38. Nc6 a5 39. Bc3 Rc2
0-1

[Event "FICS rated blitz game"]
[Site "FICS freechess.org"]
[Date "2018.01.26"]
[Round "?"]
[White "RADACK"]
[Black "laspac"]
[Result "1-0"]
[WhiteElo "1576"]
[BlackElo "1415"]
[PlyCount "51"]
[EventDate "2018.??.??"]
[EventType "blitz"]

1. e4 e5 2. Nf3 Nc6 3. c3 Bc5 4. b4 Bb6 5. b5 Na5 6. d4 exd4 7. cxd4 d6 8. h3
Bd7 9. Bd3 Ne7 10. O-O O-O 11. a4 d5 12. e5 c6 13. Bg5 Re8 14. Nbd2 Qc8 15. Kh2
Bf5 16. Be2 Be4 17. Rc1 Bxf3 18. Nxf3 Ng6 19. Bd3 Qe6 20. Qc2 h6 21. Bf5 hxg5
22. Bxe6 Rxe6 23. Nxg5 Re7 24. Qd3 Rae8 25. f4 f6 26. Qxg6 {Black resigns} 1-0

[Event "FICS rated blitz game"]
[Site "FICS freechess.org"]
[Date "2018.01.26"]
[Round "?"]
[White "kiknit"]
[Black "HSKHKU"]
[Result "0-1"]
[WhiteElo "1490"]
[BlackElo "1552"]
[PlyCount "44"]
[EventDate "2018.??.??"]
[EventType "blitz"]

1. e4 e5 2. Nf3 Nc6 3. c3 a6 4. d4 exd4 5. cxd4 d6 6. d5 Ne5 7. Be2 Nxf3+ 8.
Bxf3 Nf6 9. O-O Be7 10. Nc3 O-O 11. Qe2 c6 12. dxc6 bxc6 13. e5 dxe5 14. Qxe5
Bb7 15. Rd1 Qe8 16. Re1 Bb4 17. Qxe8 Rfxe8 18. Rxe8+ Rxe8 19. Bg5 Bxc3 20. bxc3
Nd5 21. Rb1 Bc8 22. Rb8 Re1# {White checkmated} 0-1

[Event "FICS rated standard game"]
[Site "FICS freechess.org"]
[Date "2018.01.26"]
[Round "?"]
[White "RUPESHDAFTARY"]
[Black "DavidChessMan"]
[Result "1-0"]
[WhiteElo "1593"]
[BlackElo "1737"]
[PlyCount "83"]
[EventDate "2018.??.??"]

1. e4 e5 2. Nf3 Nc6 3. c3 d6 4. Bc4 h6 5. d4 exd4 6. cxd4 Na5 7. Bd3 Bg4 8. b4
Nc6 9. Bb5 a6 10. Bxc6+ bxc6 11. Bb2 d5 12. exd5 cxd5 13. Bc3 Nf6 14. h3 Bh5
15. O-O Ne4 16. Qd3 Bd6 17. Qe3 O-O 18. Ne5 Re8 19. Nd2 Nxc3 20. Qxc3 Rb8 21.
a3 Qg5 22. Ndf3 Qf4 23. g3 Qe4 24. Rfe1 Qh7 25. g4 Rbd8 26. gxh5 Qf5 27. Ng4
Qxh5 28. Rxe8+ Rxe8 29. Re1 Rxe1+ 30. Qxe1 Qxh3 31. Ngh2 g5 32. Qf1 Qf5 33. Qg2
f6 34. Qg4 Qb1+ 35. Kg2 Qb3 36. Qe6+ Kg7 37. Ng4 Bf8 38. Qxf6+ Kg8 39. Qg6+ Kh8
40. Nf6 Bg7 41. Qe8+ Bf8 42. Qxf8# {Black checkmated} 1-0

[Event "FICS rated blitz game"]
[Site "FICS freechess.org"]
[Date "2018.01.26"]
[Round "?"]
[White "denk"]
[Black "BlueLeader"]
[Result "0-1"]
[WhiteElo "1364"]
[BlackElo "1412"]
[PlyCount "74"]
[EventDate "2018.??.??"]
[EventType "blitz"]

1. e4 e5 2. Nf3 Nc6 3. c3 Nf6 4. d4 exd4 5. e5 Qe7 6. cxd4 Nd5 7. Bg5 Qb4+ 8.
Bd2 Qxb2 9. Bc4 Qxa1 10. Bxd5 Be7 11. O-O O-O 12. Bg5 Bxg5 13. Nxg5 Qxd4 14.
Qxd4 Nxd4 15. Be4 g6 16. Nc3 Ne6 17. Nf3 Rb8 18. Nd5 Kg7 19. h4 Nc5 20. Bc2 d6
21. Nxc7 dxe5 22. Nxe5 Ne6 23. Nb5 a6 24. Nd6 b5 25. Bb3 Rb6 26. Nxc8 Rxc8 27.
g4 Rc7 28. f4 Nd4 29. Bd5 Rd6 30. Bg2 Rc2 31. f5 Ne2+ 32. Kh2 gxf5 33. gxf5 Rf6
34. Rg1 Nf4 35. Kh1 Nxg2 36. Rxg2+ Rxg2 37. Kxg2 Rxf5 0-1